Textbook of genetics and biotechnology / (Record no. 53321)

MARC details
000 -LEADER
fixed length control field 00536nam a2200193Ia 4500
005 - DATE AND TIME OF LATEST TRANSACTION
control field 20260429112303.0
008 - FIXED-LENGTH DATA ELEMENTS--GENERAL INFORMATION
fixed length control field 260429s9999||||xx |||||||||||||| ||und||
020 ## - INTERNATIONAL STANDARD BOOK NUMBER
International Standard Book Number 9781666867527
041 ## - LANGUAGE CODE
Language English
082 ## - DEWEY DECIMAL CLASSIFICATION NUMBER
Classification number 576.5
Item number CAM
100 ## - MAIN ENTRY--PERSONAL NAME
Personal name Campbell, Lauren
245 #0 - TITLE STATEMENT
Title Textbook of genetics and biotechnology /
Statement of responsibility, etc Lauren Campbell
260 ## - PUBLICATION, DISTRIBUTION, ETC. (IMPRINT)
Place of publication, distribution, etc Wilmington :
Name of publisher, distributor, etc American Academic Publisher,
Date of publication, distribution, etc 2024.
300 ## - PHYSICAL DESCRIPTION
Extent xvi, 303 p.; hb
650 ## - SUBJECT ADDED ENTRY--TOPICAL TERM
Topical term or geographic name as entry element Biotechnology
650 ## - SUBJECT ADDED ENTRY--TOPICAL TERM
Topical term or geographic name as entry element Molecular biology
650 ## - SUBJECT ADDED ENTRY--TOPICAL TERM
Topical term or geographic name as entry element Genetics
942 ## - ADDED ENTRY ELEMENTS (KOHA)
Koha item type Text Books
Holdings
Withdrawn status Lost status Damaged status Not for loan Collection code Home library Location Shelving location Date of Cataloging Source of acquisition Total Checkouts Full call number Barcode Date last seen Price effective from Koha item type
        Non-fiction CUTN Central Library CUTN Central Library Sciences 29/04/2026 Today and Tomorrow’s Printers & Publishers, New Delhi - Invoice No. IN-00471 on 10-02-2026   576.5 CAM 58662 29/04/2026 29/04/2026 Text Books